El Chaco Boreal / (Record no. 57532)

MARC details
000 -LEADER
campo de control de longitud fija 00892nam a2200229 i 4500
001 - NÚMERO DE CONTROL
campo de control 57532
003 - IDENTIFICADOR DE NÚMERO DE CONTROL
campo de control ES-MaACL
005 - FECHA Y HORA DE LA ÚLTIMA TRANSACCIÓN
campo de control 20251115063236.0
007 - CAMPO FIJO DE DESCRIPCIÓN FÍSICA--INFORMACIÓN GENERAL
campo de control de longitud fija t|
008 - DATOS DE LONGITUD FIJA--INFORMACIÓN GENERAL
campo de control de longitud fija 031016s1925 py ||||1| spa d
100 1# - ENTRADA PRINCIPAL--NOMBRE DE PERSONA
Nombre de persona Domínguez, Manuel,
Fechas asociadas al nombre 1869-1935
9 (RLIN) 152855
245 13 - MENCIÓN DEL TÍTULO
Título El Chaco Boreal /
Mención de responsabilidad, etc. informe del doctor Manuel Domínguez, miembro de la Comisión Asesora de Límites, que arruina las tesis bolivianas y expone los títulos del Paraguay sobre dicha zona.
260 ## - PUBLICACIÓN, DISTRIBUCIÓN, ETC.
Lugar de publicación, distribución, etc. Asunción :
Nombre del editor, distribuidor, etc. [s.n.],
Fecha de publicación, distribución, etc. 1925 (
Fabricante Imp. Nacional)
300 ## - DESCRIPCIÓN FÍSICA
Extensión 197 p. :
Otras características físicas il. ;
Dimensiones 26 cm.
500 ## - NOTA GENERAL
Nota general Expone los títulos del Paraguay sobre dicha zona.
651 #4 - PUNTO DE ACCESO ADICIONAL DE MATERIA--NOMBRE GEOGRÁFICO
Nombre geográfico Chaco Boreal-
Subdivisión general Historia.
9 (RLIN) 152859
651 #4 - PUNTO DE ACCESO ADICIONAL DE MATERIA--NOMBRE GEOGRÁFICO
Nombre geográfico Paraguay-
Subdivisión general Fronteras-
Subdivisión geográfica Bolivia.
9 (RLIN) 152860
651 #4 - PUNTO DE ACCESO ADICIONAL DE MATERIA--NOMBRE GEOGRÁFICO
Nombre geográfico Bolivia-
Subdivisión general Fronteras-
Subdivisión geográfica Paraguay.
9 (RLIN) 152861
852 ## - LOCALIZACIÓN
Ubicación ES-MaACL
Número de control de estantería C-7113
852 ## - LOCALIZACIÓN
Ubicación ES-MaACL
Número de control de estantería 1767-F-8
Holdings
Estatus retirado Estado de pérdida Estado de daño No para préstamo Colección Biblioteca de origen Biblioteca actual Ubicación en estantería Fecha de adquisición Fuente de adquisición Total de préstamos Signatura topográfica completa Código de barras Visto por última vez Precio de reemplazo Tipo de ítem Koha
        Colección de folletos Biblioteca del Ateneo de Madrid Biblioteca del Ateneo de Madrid Depósito folletos 10/06/2013     1767-F-8 1191373 23/02/2023 23/02/2023 Folleto
          Biblioteca del Ateneo de Madrid Biblioteca del Ateneo de Madrid Sala Palomar 17/01/2008     C-7113 1060396 23/02/2023 23/02/2023 Libro impreso